|
|
|
|
| LEADER |
00000nam a2200000 4500 |
| 001 |
CDOM0000001177 |
| 003 |
mi |
| 005 |
20250818141335.0 |
| 008 |
250818b |||||||| |||| 00| 0 eng d |
| 040 |
|
|
|c mi
|
| 100 |
|
|
|a Schür, Manfred
|
| 245 |
1 |
|
|a Nord & Sud /
|c Manfred Schür
|
| 260 |
|
|
|a Milano
|b Babilonia
|c c1991
|
| 300 |
|
|
|a [75] p.
|c per la maggior parte foto. (col.)
|c 30 cm.
|
| 500 |
|
|
|a Testi in inglese e in italiano.
|
| 942 |
|
|
|2 ddc
|c BK
|
| 952 |
|
|
|0 0
|1 0
|2 ddc
|4 0
|6 B_AFT01SCHMANOR11
|7 0
|9 8219
|a MI
|b MI
|d 2005-08-25
|i 4727
|l 0
|o B-AFT01-SCHMA-NOR11
|p CDOM4727
|r 2025-07-17 21:50:23
|w 2025-07-17
|x ACQUISTO
|y BK
|
| 999 |
|
|
|c 6879
|d 6879
|